1221 1472 1488 1366 1135 1620 1128 1084 1512 1246 1644 1044 1725 1227 1650 1443 1573 1979 1670 1664 1518 1145 1932 1162 1270 1016 1276 1313 1037 1059 1886 1559 1417 1520 1883 1893 1469 1046 1268 1844 1618 1452 1922 1896 1305 1647 1457 1650 1743 1963 1354 1025 1894 1222 1282 1700 1927 1794 1917 1808 1645 1413 1660 1977 1232 1028 1794 1409 1126 1849 1698 1308 1701 1472 1792 1840 1734 1538 1315 1798 1453 1134 1880 1934 1174 1414 1331 1496 1825 1650 1247 1052 1743 1376 1105 1607 2000 1806 1284 BCNSPRNW ULIB Ver.6.0+V

เปลี่ยนเป็นภาษาไทย

Change to English
 แสดงรายละเอียดบรรณานุกรม
  กลับหน้าหลัก

Brief Record : Get Marc (ISO 2709) : E-mail record : QR code < ปิดหน้าต่าง
LEADER : 00000nam 2200000uu 4500
001    13399110041
003     ULIB
008    110420s2551||||th 000 0 tha d
020    974950741X
020    9789749507414
060 04 WG340^bส845ค 2551
100 0  สุรเกียรติ อาชานานุภาพ
245 10 ความดันเลือดสูง =^bHypertension /^cสุรเกียรติ อาชานานุภาพ
246 31 Hypertension
250    พิมพ์ครั้งที่ 5
260    กรุงเทพฯ :^bหมอชาวบ้าน,^c2551
300    32 หน้า :^bภาพประกอบ ;^c21 ซม
440  0 100 เรื่อง 100 โรค ;^vเรื่องที่ 20
440  0 ร้อยเรื่อง ร้อยโรค ;^vเรื่องที่ 20
650  7 ความดันเลือดสูง
945    ^p50^l0^i026389
945    ^p50^l0^i026388
945    ^p50^l0^i026387
995    ทศพร
999 ^a ใช้งานได้ทุกระบบ
รายการนี้ยังไม่มีแท็ก
คุณยังไม่ได้ล็อกอิน คุณสามารถมีกิจกรรมร่วมกับเว็บไซต์ได้ แต่ต้องล็อกอินก่อน ::
  ล็อกอิน

รายการสื่อสารสนเทศ

ลำดับที่ ประเภท เลขเรียก/บาร์โค้ด สถานที่ สถานะ
- ไม่พบข้อมูล -

รายการใกล้เคียง
    ผู้แต่ง [สุรเกียรติ อาชานานุภาพ]

    หัวเรื่อง [ความดันเลือดสูง]

BibComment


ยังไม่เคยถูกคอมเมนท์

คอมเมนท์ทรัพยากรรายการนี้
  คอมเมนท์: ความดันเลือดสูง ..


 Copyright 2026. Bcnsprnw @Library